The Review of Financial Studies

書目詳細資料
格式: 電子 雜誌
語言:English
出版: Society for Financial Studies
主題:
在線閱讀:Full text available on Oxford Academic
Off-campus access
LEADER 00919cas a2200205 a 4500
001 AALejournalOSO000397
008 230101c9999 xx r poo 0 0eng d
022 |a 0893-9454 
022 |a 1465-7368 
040 |a BD-DhAAL  |c BD-DhAAL 
245 0 0 |h [electronic resource]  |a The Review of Financial Studies 
260 |b Society for Financial Studies 
300 |a 1 online resource 
500 |a <strong>Off-Campus Access:</strong> Athens ID and Password Required 
500 |a <strong>On-Campus Access:</strong> No User ID or Password Required 
506 |a Electronic access restricted to authorized BRAC University faculty, staff and students 
538 |a Mode of access: Internet 
650 4 |a Financial Markets 
856 4 0 |z Full text available on Oxford Academic  |u https://academic.oup.com/rfs/issue 
856 4 0 |z Off-campus access  |u https://go.openathens.net/redirector/bracu.ac.bd?url=https%3A%2F%2Facademic.oup.com%2Frfs%2Fissue